000 01008nam a22003017a 4500
001 829
005 20230711092705.0
008 230711b cb ||||| |||| 00| 0 eng d
020 _a0688091148 :
_c$12.95
040 _aDLC
_cDLC
_dDLC
_beng
050 0 0 _aPZ7.H9574
_bCm 1990
082 0 0 _a813
_220
100 1 _aHurwitz, Johanna.
245 1 0 _aClass president /
_cJohanna Hurwitz ; illustrations by Sheila Hamanaka.
250 _aFirst Scholastic printing, August 1991
260 _aNew York :
_bScholastic,
_c1991.
300 _a85 pages :
_billustrations ;
_c20 cm.
505 _aP
520 _aJulio hides his own leadership ambitions to help another candidate win the nomination for class president.
521 _a650
_bLexile
521 _aP
_bRaz-Plus
650 1 _aElections
_xFiction.
650 1 _aSchools
_xFiction.
650 1 _aHispanic Americans
_xFiction.
700 1 _aHamanaka, Sheila,
_eillustrator.
906 _a7
_bcbc
_corignew
_d1
_eocip
_f19
_gy-gencatlg
942 _2ddc
_cBK
_n0
999 _c829
_d829